Statistiques concernant Devinez les états des États-Unis se dessinant

Cliquez ici pour prendre le quiz!

Statistiques générales

  • Ce quiz a été pris 7 389 fois
  • Le résultat moyen est 5 sur 10

Réponses sur la Carte

Les réponses sont colorées sur une échelle allant du rouge au vert en fonction du pourcentage des utilisateurs qui les ont devinées à leur premier essai. Vous pouvez retrouver ces pourcentages ci-dessous.
 

Statistiques - réponses

% Correct
Hawaï
68%
Texas
68%
Alaska
65%
Floride
64%
Colorado
60%
Nevada
59%
Californie
56%
Idaho
55%
Kentucky
55%
Michigan
54%
Utah
54%
Wyoming
54%
Tennessee
53%
Illinois
52%
Maine
52%
Oklahoma
52%
Louisiane
51%
New York
51%
Caroline du Nord
50%
Washington
50%
Virginie
48%
New Hampshire
47%
New Jersey
47%
Dakota du Nord
46%
Montana
45%
Massachusetts
44%
Vermont
44%
Indiana
43%
Mississippi
42%
Kansas
40%
Virginie-Occidentale
40%
Maryland
39%
Oregon
39%
Alabama
37%
Dakota du Sud
37%
Nouveau-Mexique
37%
Arizona
35%
Arkansas
35%
Caroline du Sud
35%
Delaware
35%
Missouri
35%
Wisconsin
35%
Géorgie
34%
Minnesota
32%
Iowa
31%
Ohio
31%
Rhode Island
31%
Nebraska
29%
Pennsylvanie 
27%
Connecticut
23%

Distribution des résultats

Percentile par nombre de réponses

% des personnes avec chaque résultat

Votre développement - résultats

Vous n’avez pas pris ce quiz